| LEADER |
01173nam0a2200253 450 |
| 001 |
16868343 |
| 010 |
|
|
|a 978-2-35325-702-7
|b rel.
|d 9,5
|
| 100 |
|
|
|a 20260529d2026 u u0frey01 ba
|
| 101 |
0 |
|
|a fre
|
| 102 |
|
|
|a FR
|
| 200 |
0 |
|
|a instinct maternel ! (L')
|f Marc Cantin & Isabel
|g dessins, Thierry Nouveau et Isabelle Maroger - couleurs, Laurence Croix, DRAC, Isabelle Maroger
|
| 207 |
|
1 |
|a
|
| 210 |
|
|
|a Allauch (Bouches-du-Rhône)
|c Clair de lune
|d DL 2015
|
| 215 |
|
|
|a 1 vol. (40 p.)
|c ill. en coul.
|d 29 cm
|
| 225 |
1 |
|
|a Ma mère et moi
|v 7
|
| 330 |
|
|
|a Cloé adore sa mère et sa mère ladore mais ce nest pas pour autant toujours simple de vivre ensemble ! Cloé est parfois gaffeuse et sa mère se met vite en colère ! Mais quoi quil arrive, ces deux-là restent inséparables !
|
| 461 |
|
0 |
|t Ma mère et moi
|v 7
|
| 700 |
|
0 |
|a Cantin
|b Marc
|f 1967-....
|4 70
|
| 701 |
|
0 |
|a Isabel
|f 1969-....
|4 70
|
| 702 |
|
0 |
|a Nouveau
|b Thierry
|f 1970-....
|4 440
|
| 702 |
|
0 |
|a Maroger
|b Isabelle
|c Illustrateur
|f 1979-....
|4 440
|
| 900 |
|
|
|a Bande Dessinée (enfants)
|
| 901 |
|
|
|a Jeunesse
|
| 995 |
|
|
|a Médiathèque
|c Médiathèque
|f 089021901
|h 089021901
|k BD MAM
|o p
|q j
|r az
|e Médiathèque
|